Catálogo
 En Linea

Los partidos políticos en la evolución histórica venezolana / (Registro nro. 13614)

Detalles MARC
000 -CABECERA
campo de control de longitud fija 00690cam a2200205 a 4500
001 - NÚMERO DE CONTROL
campo de control 000014010
005 - FECHA Y HORA DE LA ÚLTIMA TRANSACCIÓN
campo de control 20200929163433.0
008 - DATOS DE LONGITUD FIJA--INFORMACIÓN GENERAL
campo de control de longitud fija 841116s1977 ve b 000 0 spa
035 ## - NÚMERO DE CONTROL DEL SISTEMA
Número de control de sistema (DLC) 84126173
040 ## - FUENTE DE LA CATALOGACIÓN
Centro catalogador/agencia de origen DO-SdBNP
Lengua de catalogación spa
Centro/agencia transcriptor DLC
Centro/agencia modificador DLC
-- BNPHU
082 ## - NÚMERO DE LA CLASIFICACIÓN DECIMAL DEWEY
Número de clasificación 324.287009
Número de documento/Ítem M188p
049 ## - FONDOS LOCALES (OCLC)
Fondos de biblioteca BNGR
100 1# - ENTRADA PRINCIPAL--NOMBRE DE PERSONA
Nombre de persona Magallanes, Manuel Vicente,
Fechas asociadas al nombre 1922-
9 (RLIN) 31695
245 14 - MENCIÓN DE TÍTULO
Título Los partidos políticos en la evolución histórica venezolana /
Mención de responsabilidad, etc. Manuel Vicente Magallanes.
260 ## - PUBLICACIÓN, DISTRIBUCIÓN, ETC.
Lugar de publicación, distribución, etc. Caracas :
Nombre del editor, distribuidor, etc. Monte Ávila,
Fecha de publicación, distribución, etc. [1977].
300 ## - DESCRIPCIÓN FÍSICA
Extensión 572 p. ;
Dimensiones 18 cm.
504 ## - NOTA DE BIBLIOGRAFÍA, ETC.
Nota de bibliografía, etc. Bibliografía: p. 567-571.
650 #4 - PUNTO DE ACCESO ADICIONAL DE MATERIA--TÉRMINO DE MATERIA
Término de materia o nombre geográfico como elemento de entrada Partídos políticos
Subdivisión geográfica Venezuela
Subdivisión general Historia.
9 (RLIN) 31696
910 ## - DATOS DE OPCIÓN DEL USUARIO (OCLC)
Datos de opción del usuario Catalogación derivada
Existencias
Estado de retiro Estado de pérdida Restricciones de uso No para préstamo Código de colección Localización permanente Ubicación/localización actual Ubicación en estantería Fecha de adquisición Número de inventario Total de préstamos Signatura topográfica completa Código de barras Fecha visto por última vez Precio válido a partir de Tipo de ítem Koha
    Préstamo interno   Monografías: Libros y Folletos General General En catalogación 02.12.2009 LF1   324.287009 M188p 14010-10 25.06.2020 25.06.2020 Préstamo interno

Con tecnología Koha